| 000 | 01118cam a2200253 4500 | ||
|---|---|---|---|
| 001 | J122933 | ||
| 008 | 030326n2002 000 0 eng u | ||
| 035 | _a(Sirsi) u122933 | ||
| 041 | _aeng. | ||
| 050 |
_a621 _c18 |
||
| 110 |
_aAssociation of Consulting Engineers _91225 |
||
| 245 | _aACE Agreement B(2) 2002 Mechanical and Electrical Engineering Services Non Lead Consultant | ||
| 260 |
_aLondon _bACE _c2002 |
||
| 300 |
_a38p. _c31cm. |
||
| 350 | _a24 | ||
| 520 | _aThis agreement is intended for use when the consulting engineer is appointed directly by the client but not as lead consultant for the provision of mechanical and electrical engineering services. It should be used in conjunction with the guidance document A/B - 'ACE Agreements 2002 guidance' - a copy of which is included in the folder containing the agreement. | ||
| 650 | _aMECHANICAL ENGINEERING CONTRACTS | ||
| 650 | _aELECTRICAL ENGINEERING CONTRACTS | ||
| 650 | _aCONSULTING ENGINEERS | ||
| 650 | _aDESIGN AND BUILD CONTRACTORS | ||
| 650 | _aLEAD CONSULTANTS | ||
| 690 | _aBUILDING AND CONSTRUCTION-ENGINEERING | ||
| 942 | _n0 | ||
| 999 |
_c102959 _d102959 |
||